000 00282nam a22001337a 4500
008 170914b xxu||||| |||| 00| 0 eng d
020 _a9780789452047
041 _aeng
080 _a7
100 _a4
101 _aART
245 _a1000 MASTERPIECES
_cWENDY, S
942 _2udc
_cBK
999 _c27559
_d27559